000 00835nam a2200253 i 4500
001 106363
003 ES-MaACL
005 20250708022707.0
007 t|
008 061103s1989 fr ||||1| fre d
020 _a2-235-01800-5
080 _a784.4(44)"18"
080 _a944"1789/1799"(0:39)
245 0 0 _aDictionnaire des chansons de la révolution
_b: 1787-1799 /
_c[compilée par] Ginette y Georges Marty.
260 _aParis :
_bTallandier,
_c[1989]
300 _a344 p. ;
_c22 cm.
500 _aBiblioteca Jacinto Martínez Lacalle.
650 1 4 _aCanciones francesas-
_yS.XVIII-XIX
_910728
651 4 _aFrancia-
_xHistoria-
_y1789-1799, Revolución-
_vCanciones.
_98687
700 1 _aMarty, Ginette.
_978563
700 1 _aMarty, Georges.
_978562
852 _aES-MaACL
_jE-11348
_bR.139083
999 _c106363
_d106363